Citizenship and the environment
Αποθηκεύτηκε σε:
| Κύριος συγγραφέας: | |
|---|---|
| Μορφή: | Άγνωστο |
| Γλώσσα: | English |
| Δημοσίευση: |
Oxford :
Oxford University Press,
2003.
|
| Θέματα: | |
| Ετικέτες: |
Προσθήκη ετικέτας
Δεν υπάρχουν, Καταχωρήστε ετικέτα πρώτοι!
|
MARC
| LEADER | 00000c a2200000 4500 | ||
|---|---|---|---|
| 001 | 1/50994 | ||
| 008 | 080930s2003 enk|###|||###|||| ||eng|d | ||
| 020 | |a 0199258449 |q (χαρτόδετο) | ||
| 020 | |a 0199258430 |q (σκληρόδετο) | ||
| 035 | |l 10089600 | ||
| 035 | |l 10100525 | ||
| 040 | |a GR-MY-UA |b gre |e aacr | ||
| 041 | 0 | |a eng | |
| 082 | 0 | |a 363.70525 |2 (22) | |
| 100 | 1 | |a Dobson, Andrew. | |
| 245 | 1 | 0 | |a Citizenship and the environment / |c Andrew Dobson. |
| 260 | |a Oxford : |b Oxford University Press, |c 2003. | ||
| 300 | |a 227 σ. ; |c 23 εκ. | ||
| 504 | |a Βιβλιογραφία: σ. 212-222. Ευρετήριο. | ||
| 650 | 0 | 0 | |a Citizenship. |
| 650 | 0 | 0 | |a Political ecology. |
| 650 | 0 | 0 | |a Environmental responsibility. |
| 650 | 0 | 0 | |a Environmental responsibility |x Citizen participation. |
| 650 | 0 | 0 | |a Environmental ethics. |
| 650 | 0 | 0 | |a Sustainable development. |
| 650 | 0 | 0 | |a Environmental protection |x Citizen participation. |
| 852 | |a INST |b LESVOS |e 20080930 |h 363.70525 DOB |p 005100042939 |q 005100042939 |t BK |y 0 | ||
| 852 | |a INST |b RHODES |e 20070807 |h 363.70525 DOB |p 005400025938 |q 005400025938 |t BK |y 0 | ||
| 901 | |a BIBL4-2007-2 | ||
| 901 | |a BIBL1-2008-3 | ||
| 922 | |a 4ΕΛΗ |b 200706 |c ΕΠΕΑΕΚ2/ΠΤΔΕ |d ΕΛΕΥΘΕΡΟΥΔΑΚΗΣ | ||
| 922 | |a 1ΕΛΗ |b 200801 |c ΕΠΕΑΕΚ2/ΤΠ |d ΠΑΠΑΣΩΤΗΡΙΟΥ | ||
| 970 | |a ΧΑΡΙΟΠΟΛΙΤΟΥ |b ΚΩΝΣΤΑΝΤΙΝΑ |z 2007/08/07 | ||